000 02113cam a22004574i 4500
003 PE-LiUPU
005 20250731173128.0
008 150623s r 000 0 d
020 _a0828008132
035 _a(Sirsi) i9780828008136
040 _aPE-LiUPU
_bspa
_cPE-LiUPU
_erda
049 _aPRUA
082 0 4 _a291.9
_bH25
_221
100 1 _aHaus, Cari Hoyt,
_eautor.
245 1 0 _aIn the wake of waco :
_bwhy were adventists among the victims? /
_cCari Hoyt Haus.
264 1 _aHagerstown, MD :
_bReview and Herald Publishing Association,
_c1993.
300 _a224 páginas ;
_c21 centímetros
336 _atext
_2rdacontent
337 _aunmediated
_2rdamedia
338 _avolume
_2rdacarrier
505 0 _aSef for a showdown. -Horror at the compound. -Sifting through the ashes. -Always looking for something. -Motor city madman. -Six'shooter junction. -Roller-coaster religion. -Preparation of a peaple. -The seductive seven seals. -Little women in waiting. -The australian connection. -Honolulu gold mine. -Nixed at newbold?. -The bucks behind the behavior. -Sinner without equal. -The enforcers. -How unlucky can you get?. -Why adventists were vulneralble. -The mind behind the mania. -It has happened before. -It will happen again. -Those magnetic mass movements. -Steps and stages of faith. -Escaping the extremes. Adventistas -Situaciones religiosas (Waco, Texas).
526 _aSEG42
526 _aSEG41
526 _aSEG40
526 _aSEG39
526 _aP94
526 _aP87
526 _aP86
526 _aP85
526 _aP77
526 _aP76
526 _aP35
650 0 4 _aDavidianos, secta.
651 _aWaco, Texas.
942 _2ddc
_cBOOK
949 _a291.9 H25
_wDEWEY
_c1
_i51484
_lCCODEBUL1
_mBUL
_p5.00
_r0
_sY
_tBOOK
_u2015-6-24
_xTEOLOGIA
_PP35
_0COMPRA
_o.STAFF. Colección General
994 _aC0
_bPEPRU
596 _a1
999 _a291.9 H25
_wDEWEY
_c33208
_i51484
_f2021-11-12
_g5
_lCCODEBUL1
_mBUL
_p5.00
_r0
_sY
_tBOOK
_u2015-6-24
_xTEOLOGIA
_PP35
_0COMPRA
_o.STAFF. Colección General
_d33208
980 _81
_gALBERTO SANCHEZ Responsable de Automatización